Представление документа в формате RUSMARC

ПолеНазваниеЗначение
  Тип записи a
  Библиографический уровень m
001 Контрольный номер 2d0863a463654992967afaf2ea387f9c
005 Дата корректировки 20140710144601.1
010 Индекс ISBN __
a ISBN 978-5-9916-3252-2
101 Язык документа 0_
a Язык текста rus
102 Страна публикации __
a Страна публикации RU
200 Заглавие и сведения об ответственности 1_
a Заглавие Английский язык для экономистов
b Общее обозначение материала Текст
e Сведения, относящиеся к заглавию учебник и практикум для академического бакалавриата
f Первые сведения об ответственности Т.А. Барановская [и др.]
210 Выходные данные 1_
a Место издания Москва
c Издательство Издательство Юрайт
d Дата издания 2014
215 Физическое описание __
a Объем 505 с.
225 Серия 2_
a Серия Бакалавр. Академический курс
610 Ключевые слова 0_
a Ключевые слова английский язык для экономистов
686 Индексы других классификаций __
a Классификационный индекс 81.2 Англ
801 Источник записи _0
a Страна RU
b Организация РУК
g Правила каталогизации PSBO
801 Источник записи _1
a Страна RU
b Организация РУК
g Правила каталогизации PSBO
852 Данные о местонахождении __
i Авторский знак А 64
j Шифр хранения 81.2 Англ
901 Тип документа __
t Тип документа m
937 Технологическая информация __
a Создатель записи (имя) Ивашова
938 Служебная информация __
a Название организации Ивановский филиал